000
00328nam a22001457a 4500
008
230208b ||||| |||| 00| 0 eng d
020
_a
9781932628685
041
_a
eng
080
_2
SECOND EDITION
_a
311
082
_a
311WAR
100
_a
24
101
_a
STATIS
245
_a
BEGINNING STATISTICS
_c
WARREN
942
_2
udc
_c
BK
999
_c
59345
_d
59345